<?xml version="1.0" encoding="UTF-8"?>
<marc:record xmlns:marc="http://www.loc.gov/MARC21/slim">
   <marc:leader>00000nam a2200000 a 4500</marc:leader>
   <marc:datafield ind1="1" ind2=" " tag="100">
      <marc:subfield code="a">Danella, Utta</marc:subfield>
      <marc:subfield code="4">aut</marc:subfield>
      <marc:subfield code="e">Verfasser/-in</marc:subfield>
   </marc:datafield>
   <marc:datafield ind1="0" ind2="0" tag="245">
      <marc:subfield code="a">Die Frauen der Talliens</marc:subfield>
   </marc:datafield>
   <marc:datafield ind1="0" ind2="0" tag="245">
      <marc:subfield code="b">Roman</marc:subfield>
   </marc:datafield>
   <marc:datafield ind1="0" ind2="0" tag="245">
      <marc:subfield code="c">Utta Danella</marc:subfield>
   </marc:datafield>
   <marc:datafield ind1=" " ind2="1" tag="264">
      <marc:subfield code="a">(Augsburg)</marc:subfield>
      <marc:subfield code="b">Weltbild Verl.</marc:subfield>
      <marc:subfield code="c">2005</marc:subfield>
   </marc:datafield>
   <marc:datafield ind1="1" ind2=" " tag="520">
      <marc:subfield code="a">Die junge Barbara von Tallien, Tocher aus gutem Hause, fällt bei ihrer Familie in Ungnade, als sie sich mit dem verheirateten Sänger Ferdinand Stolte einlässt und für diese Liebe ihr geordnetes Leben aufgibt. Diese Entscheidung kostet sie das Leben. Sie lässt Barbara, ihre Tochter, zurück, die in Italien aufgewachsen ist, und nun zur Familie der Talliens zurückkehrt. Mit dieser Rückkehr beschwört Barbara die Schatten der Vergangenheit herauf. Sie sieht ihrer Mutter nicht nur zum Verwechseln ähnlich, sondern begeht auch den gleichen Fehler wie diese. Barbara stürzt sich in eine Beziehung ohne Zukunft und kehrt am Ende nach Italien zurück, resigniert und unglücklich. Doch das Schicksal gewährt ihr eine zweite Chance....</marc:subfield>
   </marc:datafield>
   <marc:datafield ind1=" " ind2=" " tag="300">
      <marc:subfield code="a">495 S.</marc:subfield>
   </marc:datafield>
</marc:record>
